| 000 | 00637nam a2200145Ia 4500 | ||
|---|---|---|---|
| 008 | 151213s9999 xx 000 0 und d | ||
| 100 | _aখন্দকার মুজাম্মিল হক। | ||
| 245 |
_aসমধ্যযুগের বাঙলায় মুসলিম নীতিশাস্ত্র কথা। _cখন্দকার মুজাম্মিল হক। |
||
| 260 |
_aঢাকা _bবাংলা একাডেমী। _c1978 |
||
| 300 | _a8767 p. | ||
| 650 | _aBangla | ||
| 650 | _aইতিহাস। | ||
| 700 | _aখন্দকার মুজাম্মিল হক। | ||
| 999 |
_c4552 _d4552 |
||